| 000 | 00959pam a2200277 a 4500 | ||
|---|---|---|---|
| 001 | 015786169 | ||
| 003 | OSt | ||
| 005 | 20140323113250.0 | ||
| 008 | 110330t2011 xxkadk frb 001 0 eng d | ||
| 020 | _a9781849804066 (hbk.) | ||
| 020 | _a1849804060 (hbk.) | ||
| 040 |
_aStDuBDS _beng _cStDuBDS _dUk |
||
| 082 | 0 | 4 |
_a338.040711 _222 _bJON |
| 100 | 1 |
_aJones, Colin _935738 |
|
| 245 | 1 | 0 |
_aTeaching entrepreneurship to undergraduates / _cColin Jones. |
| 260 |
_aCheltenham, United Kingdom ; _aNorthampton, United States : _bEdward Elgar, _cc.2011 _f(MPG Books Group) |
||
| 300 |
_axvii, 166 p. : _bcharts, forms, tables ; _c24 cm. |
||
| 500 | _aIndex : p. 164-166. | ||
| 500 | _aIncludes appendix. | ||
| 504 | _aIncludes bibliographical references. | ||
| 504 | _aBibliography : p. 158-163. | ||
| 650 | 0 |
_aEntrepreneurship _xStudy and teaching (Higher) _935739 |
|
| 653 |
_bBUSADM _cMarch2014 |
||
| 655 |
_vreading book _934232 |
||
| 942 |
_2ddc _k338.040711 JON |
||
| 999 |
_c18143 _d18115 |
||